• 首页
  • 本馆介绍
  • 公告通知
  • 最新文献
  • 馆藏检索
  • 电子资源
  • 读者导购
  • 参考咨询
  • 我的图书馆
  • 登录
  • 详细信息显示
  • 放入我的书架
  • 预约/预借图书
  • 作者相关作品
  • 分类相关作品
  • 丛书相关作品
  • 出版社相关作品

书目信息

  • 表格格式
  • 工作单格式
  • 卡片格式
题名:
艺术类大学英语综合教程
    
 
作者: 杨莉 , 张云鹤 主编
分册: 2  
出版信息: 北京   清华大学出版社  2021.1
页数: 229页
开本: 26cm
丛书名: 高校英语选修课系列教材
单 册:
中图分类: H31
科图分类:
主题词: 艺术--英语--高等学校--教材
电子资源:
ISBN: 978-7-302-43479-5
000 01327nam 2200313 45
001 012001000933
005 20130910094715.0
010    @a978-7-302-43479-5@dCNY65.00
010    @a978-7-89395-863-2@b光盘
099    @aCAL 012017003315
100    @a20160104d2016 em y0chiy0110 ea
101 0  @achi@aeng
102    @aCN@b110000
105    @aa z 000yy
106    @ar
200 1  @a艺术类大学英语综合教程@AYi Shu Lei Da Xue Ying Yu Zong He Jiao Cheng@d= College English for art majors@ean integrated course@h2@f主编杨莉, 张云鹤@zeng
210    @a北京@c清华大学出版社@d2021.1
215    @a229页@c图@d26cm@e光盘1片
225 2  @a高校英语选修课系列教材@AGao Xiao Ying Yu Xuan Xiu Ke Xi Lie Jiao Cai
300    @a并列题名:College English for art majors
330    @a本套教材在选材方面,充分挖掘艺术领域多样化的题材,为学生提供真实的艺术场景模拟,使学生的英语学习与今后的实际工作紧密结合。在教材练习的设计上,学生能够充分发挥自己的专业优势和艺术创造力,激发学生对英语学习的兴趣和想象力。
461  0 @12001 @a高校英语选修课系列教材
510 1  @aCollege English for art majors@ean integrated course@zeng
606 0  @a艺术@x英语@x高等学校@j教材
690    @aH31@v5
701  0 @a杨莉@AYang Li@4主编
701  0 @a张云鹤@AZhang Yun He@4主编
801    @aCN@b江苏凤凰@c20211018
905    @b1341569-72@dH31@e1808@f4
    
    艺术类大学英语综合教程= College English for art majors:an integrated course.2/主编杨莉, 张云鹤.-北京:清华大学出版社,2021.1
    229页:图;26cm+光盘1片.-(高校英语选修课系列教材)
    并列题名:College English for art majors
    
    ISBN 978-7-302-43479-5:CNY65.00
    本套教材在选材方面,充分挖掘艺术领域多样化的题材,为学生提供真实的艺术场景模拟,使学生的英语学习与今后的实际工作紧密结合。在教材练习的设计上,学生能够充分发挥自己的专业优势和艺术创造力,激发学生对英语学习的兴趣和想象力。
●
相关链接 在E读中查询图书 在五车中查询图书 在当当中查询图书 在豆瓣中查询图书


正题名:艺术类大学英语综合教程     索取号:H31/1808         预约/预借

序号 登录号 条形码 馆藏地/架位号 状态 备注
1 1341569   213415696   第二样本阅览室/ [索取号:H31/1808] 在馆    
2 1341570   213415703   第四借阅区/ [索取号:H31/1808] 在馆    
3 1341571   213415712   第四借阅区/ [索取号:H31/1808] 在馆    
4 1341572   213415721   第四借阅区/ [索取号:H31/1808] 在馆    
唐山师范学院图书馆 欢迎您!
大连网信软件有限公司© 版权所有